000 01359nam a2200265 i 4500
003 IT-RoINE
005 20200515100825.0
008 900725s1977 it |r 1 1|||mul|d
040 _aSpMaBN
_cA2 IT-RoINE
_dIT-RoINE
041 0 _aeng
_afre
_ager
_aita
_aspa
110 2 _aUniversità cattolica del Sacro Cuore.
_bCentro di studi medioevali.
_bSettimana internazionale di studio
_n(6ª.
_d1974.
_cPasso della Mendola, Italia)
_951739
245 1 3 _aLe istituzioni ecclesiastiche della "Societas christiana" dei secoli XI-XII :
_bdiocesi, pievi e parrocchie : atti della sesta Settimana internazionale di Studio, Milano, 1-7 settembre 1974.
260 _aMilano :
_bVita e Pensiero,
_c[1977]
300 _aXVIII, 887 p. ;
_c24 cm.
336 _2rdacontent
_atext
337 _2rdamedia
_aunmediated
338 _2rdacarrier
_avolume
490 1 _aPubblicazioni dell'Università Cattólica del Sacro Cuore.
_aMiscellanea del Centro di Studi Medioevali ;
_v7
500 _aIncluye índices.
504 _aIncluye referencias bibliográficas en notas.
546 _aTextos en alemán, español, francés, inglés, e italiano.
650 4 _954331
_aIglesia
_xGobierno
_xHistoria
_y600-1500 (Edad media)
_vCongresos
830 0 _951709
_aPubblicazioni dell'Università cattolica del Sacro Cuore.
_pMiscellanea del Centro di studi medioevali
_v8
942 _cMTS
999 _c26129
_d26129